Tilastot visalle Pikselöity Amerikan kartta

Klikkaa tästä pelataksesi tätä visaa!

Yleistilastot

  • Tätä visaa on pelattu 684 kertaa
  • Keskiarvotulos 152 / 156

Vastaukset kartalla

Vastauksille on annettu kartalla punavihreä väri sen mukaan, kuinka moni on saanut sen oikein.
Ladataan ...
 

Vastaustilastot

Valtio% Oikein
Yhdysvallat
99%
Kanada
99%
Brasilia
97%
Meksiko
97%
Argentiina
96%
Chile
94%
Peru
93%
Uruguay
91%
Paraguay
90%
Kolumbia
90%
Bolivia
89%
Venezuela
89%
Suriname
78%
Honduras
72%

Tulosjakauma

Persentiili vastausten määrän mukaan

Jokaisen tuloksen saaneiden osuus

Tuloshistoriasi

Et ole pelannut tätä visaa